000
00225nam a2200097Ia 4500
008
190216s9999||||xx |||||||||||||| ||und||
100
_a
Davar Ns
245
0
_a
Practical Book Keeping And Accounting
260
_b
Null
942
_c
BK
999
_c
3861
_d
3861